Physical exercises and gymnastic : (Record no. 122477)

MARC details
000 -LEADER
fixed length control field 00788nam a22002417a 4500
005 - DATE AND TIME OF LATEST TRANSACTION
control field 20170124105910.0
010 ## - LIBRARY OF CONGRESS CONTROL NUMBER
LC control number A-944205
020 ## - INTERNATIONAL STANDARD BOOK NUMBER
International Standard Book Number 8175240172
Terms of availability 295.00
035 ## - SYSTEM CONTROL NUMBER
System control number A-944205
037 ## - SOURCE OF ACQUISITION
Source of stock number/acquisition Cen Lib/Ret
040 ## - CATALOGING SOURCE
Original cataloging agency DPL
Language of cataloging EN
082 ## - DEWEY DECIMAL CLASSIFICATION NUMBER
Classification number 613.714
100 ## - MAIN ENTRY--PERSONAL NAME
Personal name Harvey, F. J.
245 ## - TITLE STATEMENT
Title Physical exercises and gymnastic :
Remainder of title for girls and womens /
Statement of responsibility, etc by F. J. Harvey
260 ## - PUBLICATION, DISTRIBUTION, ETC. (IMPRINT)
Place of publication, distribution, etc Delhi
Name of publisher, distributor, etc Khel Sahitya Kendra
Date of publication, distribution, etc 1998
270 ## - ADDRESS
Address WP-474, First Floor, Shiv Market, Ashok Vhar
City Delhi
Postal code 110052
300 ## - PHYSICAL DESCRIPTION
Extent 158p.
Dimensions 22cm(Hb)
650 ## - SUBJECT ADDED ENTRY--TOPICAL TERM
Topical term or geographic name as entry element Physical activities(Exercises)
650 ## - SUBJECT ADDED ENTRY--TOPICAL TERM
Topical term or geographic name as entry element Gymnastic
650 ## - SUBJECT ADDED ENTRY--TOPICAL TERM
Topical term or geographic name as entry element शारीरिक गतिविधियों (अभ्यास)
650 ## - SUBJECT ADDED ENTRY--TOPICAL TERM
Topical term or geographic name as entry element व्यायाम
942 ## - ADDED ENTRY ELEMENTS (KOHA)
Source of classification or shelving scheme Dewey Decimal Classification
Koha item type English Books
Classification part 613.714
Call number suffix HAR
Holdings
Withdrawn status Lost status Damaged status Not for loan Collection code Home library Current library Date acquired Source of acquisition Cost, normal purchase price Total Checkouts Full call number Barcode Date last seen Copy number Cost, replacement price Price effective from Koha item type Public note
      Not For Loan Reference Central Library Central Library 25/05/2015 Cen Lib/Ret 295.00   613.714 HAR A-944205 25/05/2015 2 295.00 15/09/2016 English Books  
Written off         Central Library Central Library 04/07/2015 Cen Lib/Ret 295.00   613.714 HAR A-944204 04/07/2015 1 295.00 15/09/2016 English Books Written off on approval by DLB (By Circulation); dtd 15-06-2023

© Delhi Public Library
Hit Counter
free hit counter